Books of the Bible - Sudden Death - Statistics

General Stats
  • This quiz has been taken 259 times
  • The average score is 10 of 20
Answers on the Grid
Answers color-coded by a green-red scale on the quiz's grid according to % correct below.
Mark
Abraham
Esther
Hymns
Mary
Job
Moses
Daniel
Letters
Hebrews
Wisdom
Noah
Ezekiel
Paul
Amos
Joseph
Greeks
Isaac
Samaritans
Matthew
Genesis
Synthesis
Ruth
Romans
Psalms
Micah
Zephaniah
Judges
Nero
Jude
Deeds
Exodus
Benjamin
Esau
Adam
Peter
Jonah
Jacob
Samson
Numbers
 
Answer Stats
Answer % Correct
Mark
87%
Job
70%
Esther
63%
Genesis
58%
Psalms
57%
Ezekiel
56%
Hebrews
56%
Exodus
50%
Judges
50%
Daniel
48%
Matthew
48%
Romans
48%
Numbers
47%
Ruth
46%
Amos
37%
Jude
36%
Micah
34%
Zephaniah
34%
Jonah
31%
Wisdom
6%
No matching quizzes found
Score Distribution
Percent of People with Each Score
Percentile by Number Answered
Your Score History
You have not taken this quiz